| 000 | 00781nam a2200241 a 4500 | ||
|---|---|---|---|
| 003 | DO-SdBNP | ||
| 005 | 20220523104526.0 | ||
| 007 | ta | ||
| 008 | 220412e2017 dr ||||er|||| 000 p spa d | ||
| 020 | _a9789945806731 | ||
| 040 |
_aDO-SdBNP _bspa _cBNPHU |
||
| 082 | 4 |
_222 _bH485a |
|
| 245 | 1 | 0 |
_aA una mujer: _bcorona de la naturaleza / _cGardy Helvé. |
| 260 |
_aSanto Domingo : _bVérité Group, _c2017 |
||
| 300 |
_a160 p. ; _c22 cm. |
||
| 500 | _aUna sociedad sin violencia de género. | ||
| 500 | _aIncluye datos biográficos del autor en la contracubierta y en la página 159. | ||
| 590 | _aInventariado 2022 /MF | ||
| 650 | 4 |
_96208 _aPoemas Haitiano |
|
| 650 | 0 |
_978182 _aViolencia contra la mujer _vPoesía _zRepública de Haití |
|
| 910 | _aMFeliz | ||
| 942 |
_2ddc _cLBS1 |
||
| 999 |
_c51534 _d51534 |
||